| 000 | 00497nam a22001697a 4500 | ||
|---|---|---|---|
| 005 | 20250812115116.0 | ||
| 008 | 250812b |||||||| |||| 00| 0 eng d | ||
| 020 | _a9780143470076 | ||
| 041 | _aEng | ||
| 082 | _a658.4063 SET | ||
| 100 | _aSetia, Pankaj | ||
| 245 | _aPurpose: Digital Transformation of Individuals Organizations and Societies | ||
| 260 |
_aGurugram _bPenguin Business _c2024 |
||
| 300 | _a330;. p 22 cm | ||
| 650 | _aDigital Transformation; Operations Management | ||
| 942 | _cBK | ||
| 999 |
_c46459 _d46459 |
||